| 000 | 01030nas a2200349 4500 | ||
|---|---|---|---|
| 001 | BR0701421 | ||
| 003 | BR-BrBNA | ||
| 005 | 20231205110643.0 | ||
| 007 | ta | ||
| 008 | 230509b bl.|||p| |||| 00| 00por d | ||
| 040 |
_aBR-BrBNA _bpor _cBiblioteca Nacional de Agricultura |
||
| 041 | _a(En) | ||
| 072 | _aQ03; Q02 | ||
| 100 | 1 | _aFagan, É.P. | |
| 100 | 1 | _aBeloti, V. | |
| 100 | 1 | _aBarros, M.A.F. | |
| 100 | 1 | _aMuller, E.E. | |
| 100 | 1 | _aNero, L.A. | |
| 100 | 1 | _aSantana, E.H.W. | |
| 100 | 1 | _aMagnani, D.F. | |
| 100 | 1 | _aVacarelli, E.R. | |
| 100 | 1 | _aSilva, L.C. | |
| 100 | 1 | _aPereira, M.S. | |
| 245 | 1 | _aEvaluation and implementation of good pratices in main points of microbiological contamination in milk production | |
| 650 | _aPRODUÇÃO LEITEIRA | ||
| 650 | _aHIGIENE DE ALIMENTO | ||
| 650 | _aQUALIDADE | ||
| 650 | _aREFRIGERAÇÃO | ||
| 773 | 0 |
_tSemina (Brazil) _xISSN 1676-546X _g(Jan-Mar 2005), v. 26(1) p. 83-92 _wBR0701421 |
|
| 909 |
_a202311 _bLúcia _c55 _dLúcia Elande |
||
| 942 |
_2AGRIS _n0 _cANA |
||
| 999 |
_c188387 _d188387 |
||